[Event "11t. Rusia tch 2010 Femenino"]
[Site "Dagomys RUS"]
[Date "2010.04.01"]
[Round "1.11"]
[White "Molchanova, Tatjana"]
[Black "Zhukova, Natalia"]
[Result "1/2-1/2"]
[WhiteElo "2369"]
[BlackElo "2492"]
[PlyCount "52"]
[EventDate "2010.04.01"]
[EventType "team"]
[EventRounds "7"]
[EventCountry "RUS"]
[Source "lmi"]
[SourceDate "2010.04.01"]

1. d4 d5 2. Nf3 Nf6 3. c4 e6 4. g3 Bb4+ 5. Bd2 Be7 6. Bg2 O-O 7. Qc2 c6 8. O-O
b6 9. cxd5 cxd5 10. Ne5 Nfd7 11. Nxd7 Qxd7 12. Rc1 Ba6 13. e4 Rc8 14. Nc3 Bb7
15. exd5 exd5 16. Qd3 h6 17. Ne2 Rxc1+ 18. Rxc1 Nc6 19. Nf4 Na5 20. Qf3 Rd8 21.
Be3 Bg5 22. h4 Bxf4 23. Bxf4 Rc8 24. Rxc8+ Qxc8 25. Bf1 Qe6 26. Qe3 Nc6 1/2-1/2

[Event "11t. Rusia tch 2010 Femenino"]
[Site "Dagomys RUS"]
[Date "2010.04.01"]
[Round "1.12"]
[White "Munguntuul, Batkhuyag"]
[Black "Akatova, Ekaterina"]
[Result "1-0"]
[WhiteElo "2428"]
[BlackElo "2275"]
[PlyCount "91"]
[EventDate "2010.04.01"]
[EventType "team"]
[EventRounds "7"]
[EventCountry "RUS"]
[Source "lmi"]
[SourceDate "2010.04.01"]

1. e4 c5 2. Nf3 Nc6 3. d4 cxd4 4. Nxd4 e6 5. Nc3 a6 6. Be3 Nf6 7. f3 Bb4 8. Qd2
d5 9. a3 Qa5 10. Nb3 Bxc3 11. bxc3 Qc7 12. Bd3 Ne5 13. O-O dxe4 14. fxe4 b6 15.
Bd4 Nfd7 16. Qf4 Bb7 17. a4 Rc8 18. Nd2 O-O 19. Rab1 Nxd3 20. Qxc7 Rxc7 21.
cxd3 b5 22. axb5 axb5 23. Rfc1 e5 24. Be3 Rfc8 25. Rxb5 Ba6 26. Rd5 Nf6 27. Rd6
Rc6 28. Rxc6 Rxc6 29. c4 Ng4 30. Ba7 Rd6 31. Rc3 f6 32. Nf1 Bc8 33. h3 Ra6 34.
Bc5 Nh6 35. Rb3 Kf7 36. g4 Ra1 37. Kf2 Kg6 38. Ne3 Kg5 39. Kg3 Rh1 40. Rb8 Be6
41. Rb7 Kg6 42. Re7 Bc8 43. h4 Nxg4 44. Nxg4 h5 45. Nf2 Rg1+ 46. Kh2 1-0

[Event "11t. Rusia tch 2010 Femenino"]
[Site "Dagomys RUS"]
[Date "2010.04.01"]
[Round "1.13"]
[White "Solovjova, Valentina"]
[Black "Zaiatz, Elena"]
[Result "1/2-1/2"]
[WhiteElo "2256"]
[BlackElo "2391"]
[PlyCount "74"]
[EventDate "2010.04.01"]
[EventType "team"]
[EventRounds "7"]
[EventCountry "RUS"]
[Source "lmi"]
[SourceDate "2010.04.01"]

1. e4 e5 2. Nf3 Nc6 3. Nc3 Nf6 4. g3 d5 5. exd5 Nd4 6. Bg2 Bg4 7. h3 Nxf3+ 8.
Bxf3 Bxf3 9. Qxf3 Bb4 10. O-O O-O 11. d3 Bxc3 12. bxc3 Qxd5 13. Qxd5 Nxd5 14.
c4 Nb4 15. Rb1 c5 16. Rb2 b6 17. Bd2 Nc6 18. a4 Rfe8 19. f3 f5 20. a5 bxa5 21.
Rb5 Nd4 22. Rxc5 a4 23. Ra5 Nxc2 24. Bc3 Rad8 25. Bxe5 Rxd3 26. f4 Rxg3+ 27.
Kh2 Rg6 28. Rxa7 Ne3 29. Rg1 Rxg1 30. Kxg1 Nxc4 31. Rxg7+ Kf8 32. Rxh7 Nxe5 33.
fxe5 Rxe5 34. Ra7 Re1+ 35. Kg2 Ra1 36. Ra5 Kg7 37. Rxf5 a3 1/2-1/2

[Event "11t. Rusia tch 2010 Femenino"]
[Site "Dagomys RUS"]
[Date "2010.04.01"]
[Round "1.14"]
[White "Fominykh, Maria"]
[Black "Gromova, Iulia"]
[Result "1/2-1/2"]
[WhiteElo "2268"]
[BlackElo "2226"]
[PlyCount "51"]
[EventDate "2010.04.01"]
[EventType "team"]
[EventRounds "7"]
[EventCountry "RUS"]
[Source "lmi"]
[SourceDate "2010.04.01"]

1. d4 Nf6 2. c4 g6 3. Nc3 Bg7 4. g3 d5 5. cxd5 Nxd5 6. Bg2 Nxc3 7. bxc3 O-O 8.
Ba3 c5 9. Bxc5 Na6 10. Ba3 Qa5 11. Bb2 Rd8 12. Nf3 Nc5 13. O-O Na4 14. Qb3 Be6
15. Qc2 Rac8 16. Rac1 Nxb2 17. Qxb2 Qxa2 18. Qxb7 Qa3 19. Ra1 Qxc3 20. Rxa7 Rd7
21. Qa6 Rd6 22. Qa4 Bxd4 23. Rxe7 Bf6 24. Re8+ Rxe8 25. Qxe8+ Kg7 26. e3
1/2-1/2

[Event "11t. Rusia tch 2010 Femenino"]
[Site "Dagomys RUS"]
[Date "2010.04.01"]
[Round "1.22"]
[White "Kovalevskaya, Ekaterina"]
[Black "Ushenina, Anna"]
[Result "1/2-1/2"]
[WhiteElo "2438"]
[BlackElo "2452"]
[PlyCount "53"]
[EventDate "2010.04.01"]
[EventType "team"]
[EventRounds "7"]
[EventCountry "RUS"]
[Source "lmi"]
[SourceDate "2010.04.01"]

1. Nf3 Nf6 2. g3 g6 3. Bg2 Bg7 4. O-O O-O 5. d4 c5 6. c4 cxd4 7. Nxd4 Nc6 8.
Nc3 Ng4 9. e3 Nxd4 10. exd4 d6 11. h3 Nh6 12. Ne2 Rb8 13. d5 Qc7 14. Bg5 Nf5
15. b3 Bxa1 16. Qxa1 f6 17. Bd2 Bd7 18. Nf4 b5 19. Rc1 bxc4 20. Rxc4 Qb7 21.
Qe1 Rfe8 22. Rb4 Qc8 23. Rc4 Qb7 24. Rb4 Qc8 25. Rc4 Qb7 26. Rb4 Qc8 27. Rc4
1/2-1/2

[Event "11t. Rusia tch 2010 Femenino"]
[Site "Dagomys RUS"]
[Date "2010.04.01"]
[Round "1.23"]
[White "Iljushina, Olga"]
[Black "Gunina, Valentina"]
[Result "1/2-1/2"]
[WhiteElo "2356"]
[BlackElo "2457"]
[PlyCount "33"]
[EventDate "2010.04.01"]
[EventType "team"]
[EventRounds "7"]
[EventCountry "RUS"]
[Source "lmi"]
[SourceDate "2010.04.01"]

1. d4 d5 2. c4 c6 3. Nf3 Nf6 4. Nc3 dxc4 5. a4 e6 6. e4 Bb4 7. e5 Nd5 8. Bd2 b5
9. axb5 Bxc3 10. bxc3 cxb5 11. Ng5 h6 12. Qh5 O-O 13. Ne4 Nc6 14. Bxh6 gxh6 15.
Qxh6 f5 16. Qg6+ Kh8 17. Qh6+ 1/2-1/2

[Event "11t. Rusia tch 2010 Femenino"]
[Site "Dagomys RUS"]
[Date "2010.04.01"]
[Round "1.24"]
[White "Matveeva, Svetlana"]
[Black "Kovanova, Baira"]
[Result "1/2-1/2"]
[WhiteElo "2373"]
[BlackElo "2385"]
[PlyCount "106"]
[EventDate "2010.04.01"]
[EventType "team"]
[EventRounds "7"]
[EventCountry "RUS"]
[Source "lmi"]
[SourceDate "2010.04.01"]

1. d4 Nf6 2. c4 e6 3. Nc3 Bb4 4. Qc2 O-O 5. a3 Bxc3+ 6. Qxc3 d6 7. Nf3 Nbd7 8.
g3 b6 9. Bg2 Bb7 10. O-O a5 11. b3 Qe7 12. Bb2 Ne4 13. Qe3 f5 14. Ng5 Ndf6 15.
Nh3 Nd7 16. d5 Rae8 17. Nf4 exd5 18. cxd5 Ndf6 19. Rad1 Qf7 20. Qd3 Bc8 21. b4
axb4 22. axb4 Nh5 23. Nh3 h6 24. f3 Ng5 25. Nxg5 hxg5 26. e4 Re7 27. exf5 Rfe8
28. Bc1 Bxf5 29. Qd4 Bc2 30. Rd2 Bh7 31. Bh3 Kh8 32. Be6 Qg6 33. Rg2 Bg8 34. f4
Bxe6 35. dxe6 gxf4 36. gxf4 Qxe6 37. Bb2 Qe3+ 38. Qxe3 Rxe3 39. Rg5 Nf6 40. b5
R8e7 41. Rg6 Rb3 42. Bxf6 gxf6 43. Rxf6 Rxb5 44. f5 Kg7 45. Rg6+ Kf7 46. Rh6
Ke8 47. f6 Rf7 48. h4 Kd7 49. Rh8 Re5 50. Kg2 b5 51. Kg3 b4 52. Kg4 c5 53. h5
Ke6 1/2-1/2

[Event "11t. Rusia tch 2010 Femenino"]
[Site "Dagomys RUS"]
[Date "2010.04.01"]
[Round "1.32"]
[White "Paikidze, Nazi"]
[Black "Pogonina, Natalija"]
[Result "1-0"]
[WhiteElo "2322"]
[BlackElo "2496"]
[PlyCount "91"]
[EventDate "2010.04.01"]
[EventType "team"]
[EventRounds "7"]
[EventCountry "RUS"]
[Source "lmi"]
[SourceDate "2010.04.01"]

1. d4 Nf6 2. c4 e6 3. Nf3 d5 4. Nc3 Bb4 5. cxd5 exd5 6. Bg5 h6 7. Bh4 g5 8. Bg3
Ne4 9. Rc1 c6 10. e3 Nxg3 11. hxg3 Bf8 12. Bd3 Bg7 13. b4 Be6 14. Na4 Qe7 15.
Nc5 Bc8 16. O-O b6 17. Nb3 Qxb4 18. Ne5 O-O 19. f4 gxf4 20. gxf4 Qd6 21. Qh5 f5
22. Rf3 c5 23. dxc5 bxc5 24. Rxc5 Nd7 25. Rxd5 Qxd5 26. Bc4 Qxc4 27. Nxc4 Nf6
28. Qg6 Bb7 29. Rg3 Ng4 30. Qe6+ Kh7 31. Nd6 Rad8 32. Rxg4 fxg4 33. Nxb7 Rde8
34. Qxg4 Rxe3 35. Nd6 Re1+ 36. Kf2 Re7 37. g3 Bb2 38. Qd1 Kh8 39. Qc2 Bf6 40.
Nf5 Rh7 41. Qc5 Kg8 42. Nbd4 h5 43. Qd5+ Kh8 44. Qd6 Kg8 45. Ne6 Re8 46. Ng5
1-0

[Event "11t. Rusia tch 2010 Femenino"]
[Site "Dagomys RUS"]
[Date "2010.04.01"]
[Round "1.34"]
[White "Bukhteeva, Viktoria"]
[Black "Savina, Anastasia"]
[Result "0-1"]
[WhiteElo "2206"]
[BlackElo "2391"]
[PlyCount "146"]
[EventDate "2010.04.01"]
[EventType "team"]
[EventRounds "7"]
[EventCountry "RUS"]
[Source "lmi"]
[SourceDate "2010.04.01"]

1. e4 c5 2. Nf3 Nc6 3. d4 cxd4 4. Nxd4 Nf6 5. Nc3 d6 6. Bg5 e6 7. Qd2 Qb6 8.
O-O-O Qxd4 9. Qxd4 Nxd4 10. Rxd4 a6 11. f3 Bd7 12. Na4 Rd8 13. Nb6 Bc6 14. Rd1
Be7 15. Be2 Nd7 16. Bxe7 Kxe7 17. Nc4 Bb5 18. Rd2 Bxc4 19. Bxc4 g5 20. Rhd1 Ne5
21. Be2 Ng6 22. Rd4 h5 23. Rb4 Rd7 24. Rb6 g4 25. g3 gxf3 26. Bxf3 Ne5 27. Be2
h4 28. g4 Rc8 29. Rd4 Rc6 30. Rb3 Rdc7 31. Bd1 Kf6 32. Rd2 Kg5 33. Rf2 Rc4 34.
Bf3 Rd4 35. Be2 Rxe4 36. h3 b5 37. Ra3 Rc6 38. Bf3 Rf4 39. Bxc6 Rxf2 40. Rxa6
Nxc6 41. Rxc6 Rf3 42. Rc7 Rxh3 43. Rxf7 Kxg4 44. Rg7+ Kf3 45. Rh7 Rh1+ 46. Kd2
h3 47. Rf7+ Kg2 48. Rg7+ Kh2 49. Rg6 Rb1 50. Kc3 Kh1 51. Rxe6 h2 52. Rxd6 Kg2
53. Rh6 h1=Q 54. Rxh1 Rxh1 55. Kb4 Rh5 56. c4 bxc4 57. Kxc4 Kf3 58. b4 Ke4 59.
b5 Ke5 60. Kc5 Ke6+ 61. Kc6 Ke7 62. a4 Kd8 63. Kb7 Kd7 64. Kb6 Rh6+ 65. Kb7 Rh5
66. Kb6 Kc8 67. Ka7 Rh7+ 68. Ka8 Rb7 69. a5 Rxb5 70. a6 Kc7 71. a7 Kb6 72. Kb8
Ka6+ 73. Ka8 Rh5 0-1

[Event "11t. Rusia tch 2010 Femenino"]
[Site "Dagomys RUS"]
[Date "2010.04.02"]
[Round "2.12"]
[White "Muzychuk, Anna"]
[Black "Kovalevskaya, Ekaterina"]
[Result "0-1"]
[WhiteElo "2533"]
[BlackElo "2438"]
[PlyCount "106"]
[EventDate "2010.04.01"]
[EventType "team"]
[EventRounds "7"]
[EventCountry "RUS"]
[Source "lmi"]
[SourceDate "2010.04.01"]

1. e4 c5 2. Nf3 Nc6 3. Bb5 d6 4. O-O Bd7 5. Re1 Nf6 6. c3 a6 7. Ba4 b5 8. Bc2
e5 9. h3 Be7 10. d4 Qc7 11. Nbd2 O-O 12. Nf1 cxd4 13. cxd4 Nxd4 14. Nxd4 exd4
15. Bf4 Nh5 16. Bh2 g6 17. e5 Be6 18. Bb3 Bxb3 19. axb3 Qb6 20. e6 d5 21. exf7+
Rxf7 22. Qd3 Raf8 23. Re2 Bh4 24. f3 Bg5 25. Rd1 Re7 26. Kh1 Rfe8 27. Rxe7 Rxe7
28. Bg1 Bf6 29. Qd2 Be5 30. Qb4 Kf7 31. Bxd4 Bxd4 32. Rxd4 Re1 33. Qxe1 Qxd4
34. Ne3 Nf4 35. Qc1 Ne6 36. Qe1 Qe5 37. Qd2 Qf4 38. Qe1 d4 39. Ng4 h5 40. Ne5+
Kf6 41. Nd3 Qe3 42. Qxe3 dxe3 43. Kg1 a5 44. Kf1 Nd4 45. b4 axb4 46. Nxb4 Ke5
47. Nd3+ Kd5 48. Nf4+ Kc4 49. h4 Kb3 50. Nxg6 Kxb2 51. Nf4 b4 52. g4 Kc2 53.
Nd5 Kd2 0-1

[Event "11t. Rusia tch 2010 Femenino"]
[Site "Dagomys RUS"]
[Date "2010.04.02"]
[Round "2.13"]
[White "Gunina, Valentina"]
[Black "Pogonina, Natalija"]
[Result "1/2-1/2"]
[WhiteElo "2457"]
[BlackElo "2496"]
[PlyCount "179"]
[EventDate "2010.04.01"]
[EventType "team"]
[EventRounds "7"]
[EventCountry "RUS"]
[Source "lmi"]
[SourceDate "2010.04.01"]

1. d4 Nf6 2. Nf3 e6 3. c4 Bb4+ 4. Nbd2 b6 5. a3 Bxd2+ 6. Qxd2 Bb7 7. e3 O-O 8.
Be2 d6 9. O-O Ne4 10. Qc2 f5 11. b4 Nd7 12. d5 e5 13. Bb2 c6 14. dxc6 Bxc6 15.
Rfd1 Qe7 16. Ne1 Rac8 17. f3 Ng5 18. Qd2 Rf6 19. e4 f4 20. a4 Rg6 21. Nd3 Ne6
22. Nf2 Qg5 23. Bf1 Qh5 24. Qe2 Ng5 25. Kh1 Qh4 26. Qe1 Qh5 27. Be2 Nf7 28. a5
Nf6 29. axb6 axb6 30. Ng4 Nxg4 31. fxg4 Qg5 32. Bf3 Bd7 33. h3 Rh6 34. Kg1 Qd8
35. Be2 Qc7 36. Ra6 Ng5 37. h4 Nf7 38. g5 Re6 39. Qf2 Rb8 40. Rda1 Ree8 41. b5
Be6 42. Ra7 Rb7 43. Rxb7 Qxb7 44. Bd3 Qc7 45. Kh2 Rb8 46. Ra6 Bc8 47. Ra4 Nd8
48. Bc2 Ne6 49. Qd2 Nc5 50. Ra1 Be6 51. Rd1 Nb7 52. Bb3 Rf8 53. Qd3 Qf7 54. Ba3
f3 55. Qxf3 Qxf3 56. gxf3 Rxf3 57. c5 Rxb3 58. c6 Na5 59. Bxd6 Rh3+ 60. Kg2
Rxh4 61. Bb4 Nc4 62. Rd8+ Kf7 63. Rf8+ Kg6 64. Re8 Bg4 65. c7 Ne3+ 66. Kf2 Rh3
67. c8=Q Bxc8 68. Rxc8 Ng4+ 69. Kf1 Rb3 70. Bd2 Rxb5 71. Rc6+ Kh5 72. Rc7 Rb2
73. Ke2 Nf2 74. Kxf2 Rxd2+ 75. Ke3 Rb2 76. Rxg7 Rb3+ 77. Kd2 Kg4 78. Rxh7 Kf4
79. g6 Rb2+ 80. Kd3 Rb3+ 81. Kc4 Rg3 82. Rh4+ Ke3 83. Kd5 Rxg6 84. Kxe5 b5 85.
Rh3+ Kd2 86. Kd4 Kc2 87. Rh5 b4 88. Kc4 Rc6+ 89. Kxb4 Kd3 90. Kb5 1/2-1/2

[Event "11t. Rusia tch 2010 Femenino"]
[Site "Dagomys RUS"]
[Date "2010.04.02"]
[Round "2.14"]
[White "Savina, Anastasia"]
[Black "Girya, Olga"]
[Result "1/2-1/2"]
[WhiteElo "2391"]
[BlackElo "2362"]
[PlyCount "81"]
[EventDate "2010.04.01"]
[EventType "team"]
[EventRounds "7"]
[EventCountry "RUS"]
[Source "lmi"]
[SourceDate "2010.04.01"]

1. d4 d5 2. c4 c6 3. Nf3 Nf6 4. e3 e6 5. Nbd2 Be7 6. Bd3 Nbd7 7. O-O b6 8. e4
dxe4 9. Nxe4 Bb7 10. Bf4 Nxe4 11. Bxe4 Nf6 12. Bc2 O-O 13. Qe2 c5 14. Rad1 cxd4
15. Nxd4 Qc8 16. Rfe1 Rd8 17. Nf5 exf5 18. Rxd8+ Qxd8 19. Qxe7 Be4 20. Qxd8+
Rxd8 21. Ba4 Rd4 22. Rd1 Rxd1+ 23. Bxd1 Bd3 24. Bb8 a6 25. Ba7 Bxc4 26. b3 Bd3
27. Bxb6 Nd5 28. Ba5 f6 29. Bf3 Ne7 30. Bb7 Kf7 31. f3 Ke6 32. Kf2 f4 33. g3
fxg3+ 34. hxg3 Nd5 35. Ke1 h5 36. Kd2 Bf1 37. Ke1 Bd3 38. Kd2 Bf1 39. Bc8+ Ke5
40. Ke1 Bd3 41. Kd2 1/2-1/2

[Event "11t. Rusia tch 2010 Femenino"]
[Site "Dagomys RUS"]
[Date "2010.04.02"]
[Round "2.21"]
[White "Zhukova, Natalia"]
[Black "Zhao, Xue"]
[Result "1/2-1/2"]
[WhiteElo "2492"]
[BlackElo "2490"]
[PlyCount "136"]
[EventDate "2010.04.01"]
[EventType "team"]
[EventRounds "7"]
[EventCountry "RUS"]
[Source "lmi"]
[SourceDate "2010.04.01"]

1. d4 Nf6 2. c4 e6 3. Nf3 b6 4. g3 Bb7 5. Bg2 Bb4+ 6. Bd2 c5 7. Bxb4 cxb4 8.
O-O O-O 9. Qd3 Qe7 10. Nbd2 d6 11. e4 e5 12. Ne1 Nc6 13. Nc2 Nxd4 14. Nxd4 exd4
15. f4 Rfe8 16. Rfe1 Qc7 17. h3 Re7 18. Qxd4 a5 19. a3 Nd7 20. axb4 axb4 21.
Rxa8+ Bxa8 22. Nb3 Nc5 23. Nxc5 Qxc5 24. Qxc5 bxc5 25. Ra1 Re8 26. Ra6 Kf8 27.
Rxd6 Bxe4 28. Bf1 Ra8 29. Kf2 Ra2 30. Ke3 Bc2 31. Rc6 Rxb2 32. Rxc5 b3 33. Rb5
Ra2 34. Bd3 Ra3 35. Kd2 Bxd3 36. Kxd3 b2+ 37. Kd4 Rxg3 38. Rxb2 Rxh3 39. c5 Ke7
40. Rb7+ Ke6 41. Rb6+ Kf5 42. Rb7 Ke6 43. Rb6+ Kf5 44. Rb7 f6 45. c6 Rh1 46.
Rxg7 Rc1 47. Rxh7 Rxc6 48. Ke3 Rc3+ 49. Kf2 Kg4 50. f5 Rf3+ 51. Kg2 Rxf5 52.
Ra7 Rb5 53. Ra4+ Kg5 54. Kf3 Rb3+ 55. Kf2 f5 56. Rc4 Rh3 57. Kg2 Rd3 58. Kf2
Rd8 59. Kf3 Rh8 60. Ra4 Rh1 61. Kg2 Rd1 62. Kf2 Rd3 63. Rb4 Ra3 64. Rc4 Kf6 65.
Rb4 Ke5 66. Rb5+ Ke4 67. Rb4+ Kd3 68. Kf3 Ra1 1/2-1/2

[Event "11t. Rusia tch 2010 Femenino"]
[Site "Dagomys RUS"]
[Date "2010.04.02"]
[Round "2.22"]
[White "Ushenina, Anna"]
[Black "Munguntuul, Batkhuyag"]
[Result "1-0"]
[WhiteElo "2452"]
[BlackElo "2428"]
[PlyCount "133"]
[EventDate "2010.04.01"]
[EventType "team"]
[EventRounds "7"]
[EventCountry "RUS"]
[Source "lmi"]
[SourceDate "2010.04.01"]

1. d4 d5 2. c4 c6 3. Nc3 Nf6 4. Nf3 e6 5. e3 Nbd7 6. Bd3 dxc4 7. Bxc4 b5 8. Be2
Bb7 9. O-O b4 10. Na4 c5 11. dxc5 Bxc5 12. Nxc5 Nxc5 13. Bb5+ Ke7 14. Nd4 Qb6
15. Bd2 a5 16. a3 b3 17. a4 Rhd8 18. Qe2 Kf8 19. Rfd1 Nfe4 20. Be1 Nd6 21. Qh5
Kg8 22. Be2 Nde4 23. Rdc1 Rd5 24. Qh4 Rad8 25. Bc4 R5d6 26. Qh5 Bd5 27. Be2 g6
28. Qh4 e5 29. Nb5 Rf6 30. Nc3 Nxc3 31. Bxc3 Ne4 32. Be1 g5 33. Qg4 Rg6 34. Rd1
Nf6 35. Qf5 Re8 36. Qd3 Qb7 37. Bf1 Bc6 38. Bxa5 Ne4 39. Be1 g4 40. a5 Ng5 41.
a6 Qe7 42. Be2 Nf3+ 43. Bxf3 gxf3 44. g3 Qe6 45. e4 Rf6 46. Bc3 Qh3 47. Qf1 Qh5
48. a7 Bxe4 49. Ra4 Ba8 50. Rh4 Qf5 51. Qb5 Rfe6 52. Qxb3 e4 53. Qc4 f6 54. Qd4
h5 55. Qe3 Qg6 56. h3 Kf7 57. Rf4 Bc6 58. Ra1 Qg5 59. Rxf6+ Qxf6 60. Bxf6 Rxf6
61. b4 Kg6 62. b5 Ba8 63. b6 Rfe6 64. Rb1 Bb7 65. Rb5 Re5 66. Rxe5 Rxe5 67. Qd4
1-0

[Event "11t. Rusia tch 2010 Femenino"]
[Site "Dagomys RUS"]
[Date "2010.04.02"]
[Round "2.23"]
[White "Zaiatz, Elena"]
[Black "Iljushina, Olga"]
[Result "1/2-1/2"]
[WhiteElo "2391"]
[BlackElo "2356"]
[PlyCount "71"]
[EventDate "2010.04.01"]
[EventType "team"]
[EventRounds "7"]
[EventCountry "RUS"]
[Source "lmi"]
[SourceDate "2010.04.01"]

1. d4 f5 2. g3 Nf6 3. Bg2 e6 4. Nf3 d5 5. c4 c6 6. O-O Bd6 7. b3 Qe7 8. Bb2 O-O
9. Qc2 b6 10. Ne5 Bb7 11. Nd2 Nbd7 12. cxd5 cxd5 13. Rac1 Rac8 14. Qb1 Ne4 15.
Nxe4 dxe4 16. Nxd7 Qxd7 17. Rxc8 Rxc8 18. Rc1 Bd5 19. e3 h5 20. h4 Kf7 21. Bf1
g5 22. Rxc8 Qxc8 23. Qd1 Kg6 24. hxg5 Qh8 25. Bh3 h4 26. g4 Qd8 27. gxf5+ exf5
28. Qc1 Qxg5+ 29. Kh1 Qh5 30. Ba3 Bb8 31. Qc8 Qf3+ 32. Kg1 Qd1+ 33. Kg2 Qf3+
34. Kg1 Qd1+ 35. Kg2 Qf3+ 36. Kg1 1/2-1/2

[Event "11t. Rusia tch 2010 Femenino"]
[Site "Dagomys RUS"]
[Date "2010.04.02"]
[Round "2.24"]
[White "Kovanova, Baira"]
[Black "Vasilevich, Irina"]
[Result "0-1"]
[WhiteElo "2385"]
[BlackElo "2324"]
[PlyCount "70"]
[EventDate "2010.04.01"]
[EventType "team"]
[EventRounds "7"]
[EventCountry "RUS"]
[Source "lmi"]
[SourceDate "2010.04.01"]

1. e4 c5 2. Nf3 e6 3. d4 cxd4 4. Nxd4 Nc6 5. Nc3 a6 6. g3 Qc7 7. Bg2 d6 8. O-O
Bd7 9. a4 Be7 10. Kh1 Nf6 11. f4 Nxd4 12. Qxd4 Bc6 13. g4 h6 14. Be3 Rd8 15. h3
O-O 16. Rf2 d5 17. e5 Ne4 18. Nxe4 dxe4 19. Qc4 b5 20. axb5 axb5 21. Qc3 Ra8
22. Rg1 b4 23. Qc4 Qb7 24. f5 Bd5 25. Qd4 Rfc8 26. f6 Bc5 27. Qd2 Qb6 28. Bxc5
Qxc5 29. Re1 Ra1 30. Rxa1 e3 31. Qe2 exf2 32. Rc1 Bc4 33. Qd2 Qxe5 34. fxg7 Qf6
35. Qd1 Rd8 0-1

[Event "11t. Rusia tch 2010 Femenino"]
[Site "Dagomys RUS"]
[Date "2010.04.02"]
[Round "2.31"]
[White "Cmilyte, Viktorija"]
[Black "Molchanova, Tatjana"]
[Result "1-0"]
[WhiteElo "2485"]
[BlackElo "2369"]
[PlyCount "65"]
[EventDate "2010.04.01"]
[EventType "team"]
[EventRounds "7"]
[EventCountry "RUS"]
[Source "lmi"]
[SourceDate "2010.04.01"]

1. d4 d5 2. c4 c6 3. Nc3 Nf6 4. Nf3 dxc4 5. a4 Bf5 6. Nh4 Bd7 7. e4 e5 8. Bxc4
Nxe4 9. Nxe4 Bb4+ 10. Kf1 Qxh4 11. Ng5 Be7 12. Bxf7+ Kd8 13. Nf3 Qf6 14. Bc4
exd4 15. Bg5 Qd6 16. Bxe7+ Qxe7 17. Qxd4 Rf8 18. Rd1 Kc8 19. h4 c5 20. Qd5 Bc6
21. Qg5 Qf6 22. Qxc5 Nd7 23. Qd4 Kc7 24. Bb5 Rad8 25. Bxc6 Qxc6 26. Kg1 Nf6 27.
Qf4+ Kc8 28. Rc1 h5 29. Rxc6+ bxc6 30. Qc1 Rd6 31. g3 Ng4 32. Kg2 Rdf6 33. Rd1
1-0

[Event "11t. Rusia tch 2010 Femenino"]
[Site "Dagomys RUS"]
[Date "2010.04.02"]
[Round "2.32"]
[White "Akatova, Ekaterina"]
[Black "Socko, Monika"]
[Result "0-1"]
[WhiteElo "2275"]
[BlackElo "2465"]
[PlyCount "106"]
[EventDate "2010.04.01"]
[EventType "team"]
[EventRounds "7"]
[EventCountry "RUS"]
[Source "lmi"]
[SourceDate "2010.04.01"]

1. e4 e6 2. d4 d5 3. Nc3 Bb4 4. Bd3 c5 5. Nf3 dxe4 6. Bxe4 Nf6 7. Bg5 Bxc3+ 8.
bxc3 Qa5 9. Bxf6 Qxc3+ 10. Nd2 gxf6 11. Rb1 Nd7 12. Bxb7 Bxb7 13. Rxb7 Qxd4 14.
O-O Qd5 15. Ne4 Kf8 16. Qxd5 exd5 17. Rd1 dxe4 18. Rdxd7 Kg7 19. Rxf7+ Kg6 20.
Rg7+ Kf5 21. Kf1 Rab8 22. Ke2 a6 23. Rxh7 Rxh7 24. Rxb8 Rxh2 25. Rc8 Rxg2 26.
Rxc5+ Kf4 27. Rc6 f5 28. Rxa6 Rg1 29. a4 Ra1 30. Ra5 Ra2 31. Kd2 Kg4 32. Kc3 f4
33. Kb3 Ra1 34. Kb2 Rf1 35. Re5 Kf3 36. a5 Rxf2 37. a6 Rg2 38. a7 Rg8 39. c4 e3
40. Kc2 Ke2 41. Kc3 Ra8 42. Re7 f3 43. Kd4 Rd8+ 44. Ke4 f2 45. Rf7 Re8+ 46. Kd4
f1=Q 47. Rxf1 Kxf1 48. a8=Q Rxa8 49. Kxe3 Ke1 50. Kd4 Kd2 51. c5 Rc8 52. Kc4
Kc2 53. Kd5 Kb3 0-1

[Event "11t. Rusia tch 2010 Femenino"]
[Site "Dagomys RUS"]
[Date "2010.04.02"]
[Round "2.33"]
[White "Atalik, Ekaterina"]
[Black "Bronnikova, Elizaveta"]
[Result "1-0"]
[WhiteElo "2445"]
[BlackElo "2271"]
[PlyCount "89"]
[EventDate "2010.04.01"]
[EventType "team"]
[EventRounds "7"]
[EventCountry "RUS"]
[Source "lmi"]
[SourceDate "2010.04.01"]

1. d4 Nf6 2. c4 c5 3. d5 d6 4. Nc3 g6 5. e4 Bg7 6. Bd3 O-O 7. Nge2 e5 8. h3 Na6
9. Bg5 h6 10. Be3 Nc7 11. Qd2 Kh7 12. g4 Bd7 13. Ng3 Qe8 14. g5 Ng8 15. h4 h5
16. O-O-O b5 17. Qe2 bxc4 18. Bxc4 Bg4 19. f3 Bd7 20. Rdf1 Rb8 21. f4 Bg4 22.
Qd2 exf4 23. Bxf4 Qd7 24. Be2 Bxe2 25. Ngxe2 Rb4 26. Bh2 Nb5 27. Rf2 Nd4 28.
Rhf1 f5 29. gxf6 Rxf6 30. Nf4 Bh6 31. Kb1 Rf8 32. Qd3 Ne7 33. e5 Nef5 34. exd6
c4 35. Qe4 Re8 36. Ne6 Nxe6 37. dxe6 Rxe6 38. Rxf5 Rxe4 39. Rf7+ Qxf7 40. Rxf7+
Kg8 41. Nxe4 c3 42. d7 Kxf7 43. d8=Q Rxe4 44. Qd5+ Re6 45. bxc3 1-0

[Event "11t. Rusia tch 2010 Femenino"]
[Site "Dagomys RUS"]
[Date "2010.04.02"]
[Round "2.34"]
[White "Ivkina, Olga"]
[Black "Demina, Julia"]
[Result "1-0"]
[WhiteElo "2268"]
[BlackElo "2339"]
[PlyCount "67"]
[EventDate "2010.04.01"]
[EventType "team"]
[EventRounds "7"]
[EventCountry "RUS"]
[Source "lmi"]
[SourceDate "2010.04.01"]

1. e4 c6 2. d4 d5 3. e5 Bf5 4. Nc3 e6 5. g4 Bg6 6. Nge2 f6 7. Bg2 fxe5 8. dxe5
Nd7 9. Nd4 Bf7 10. Qe2 Bc5 11. Be3 Bb4 12. O-O a6 13. f4 h5 14. f5 Nxe5 15. g5
Ne7 16. Bf4 Ng4 17. g6 Bg8 18. Nxe6 Bxe6 19. Qxe6 Rf8 20. Na4 Rf6 21. Qe2 Rxf5
22. h3 Nf6 23. Be5 Qd7 24. Rxf5 Qxf5 25. c3 Ba5 26. b4 Bd8 27. Rf1 Qxg6 28. Kh1
Ne4 29. Qf3 Kd7 30. h4 Nf6 31. Bh3+ Ng4 32. Nc5+ Kc8 33. Rg1 b6 34. Rxg4 1-0

[Event "11t. Rusia tch 2010 Femenino"]
[Site "Dagomys RUS"]
[Date "2010.04.03"]
[Round "3.11"]
[White "Zhao, Xue"]
[Black "Cmilyte, Viktorija"]
[Result "0-1"]
[WhiteElo "2490"]
[BlackElo "2485"]
[PlyCount "70"]
[EventDate "2010.04.01"]
[EventType "team"]
[EventRounds "7"]
[EventCountry "RUS"]
[Source "lmi"]
[SourceDate "2010.04.01"]

1. d4 Nf6 2. c4 g6 3. Nc3 d5 4. Nf3 Bg7 5. Qb3 dxc4 6. Qxc4 O-O 7. e4 a6 8. e5
b5 9. Qb3 Nfd7 10. Ng5 Nb6 11. Be3 h6 12. Nge4 Be6 13. Qc2 Nc6 14. Rd1 Bf5 15.
Be2 Nb4 16. Qd2 Nc4 17. Bxc4 bxc4 18. O-O Kh7 19. Qe2 Nxa2 20. Qxc4 Nxc3 21.
Nxc3 a5 22. Rd2 Qd7 23. Ra1 c6 24. h3 Be6 25. Qc5 Qb7 26. Rxa5 Rxa5 27. Qxa5
Ra8 28. Qc5 Ra1+ 29. Kh2 Bb3 30. Bf4 g5 31. Be3 Qd7 32. Ne2 Bd5 33. Qc2+ Kg8
34. Nc3 Rh1+ 35. Kg3 Bxg2 0-1

[Event "11t. Rusia tch 2010 Femenino"]
[Site "Dagomys RUS"]
[Date "2010.04.03"]
[Round "3.12"]
[White "Arakhamia-Grant, Ketevan"]
[Black "Paehtz, Elisabeth"]
[Result "1-0"]
[WhiteElo "2447"]
[BlackElo "2486"]
[PlyCount "79"]
[EventDate "2010.04.01"]
[EventType "team"]
[EventRounds "7"]
[EventCountry "RUS"]
[Source "lmi"]
[SourceDate "2010.04.01"]

1. e4 e6 2. d4 d5 3. Nc3 Nf6 4. e5 Nfd7 5. f4 c5 6. Nf3 Nc6 7. Be3 Be7 8. Qd2
O-O 9. Be2 a6 10. O-O b5 11. Nd1 b4 12. Nf2 Qb6 13. c3 a5 14. Nd3 Ba6 15. f5
exf5 16. Nf4 bxc3 17. bxc3 cxd4 18. cxd4 Bb4 19. Qc2 Ne7 20. a3 Rfc8 21. Qa4
Bc3 22. Qxd7 Bxa1 23. Bxa6 Qxa6 24. Qxe7 Bb2 25. Qg5 Bxa3 26. Qxf5 h6 27. Nxd5
Qe2 28. Nd2 Rc1 29. Qxf7+ Kh8 30. Rxc1 Bxc1 31. Nf1 Bxe3+ 32. Ndxe3 a4 33. e6
a3 34. e7 a2 35. Qf8+ Rxf8 36. exf8=Q+ Kh7 37. Qf5+ Kg8 38. Qc8+ Kf7 39. Nc2
Kg6 40. Qc3 1-0